Trouble in bulk (Record no. 76738)
[ view plain ]
| 000 -LEADER | |
|---|---|
| fixed length control field | 00996cab a2200181 4500 |
| 001 - CONTROL NUMBER | |
| control field | ##L132992 |
| 008 - FIXED-LENGTH DATA ELEMENTS--GENERAL INFORMATION | |
| fixed length control field | 060331n2006 000 0 eng u |
| 035 ## - SYSTEM CONTROL NUMBER | |
| System control number | (Sirsi) u132992 |
| 041 0# - LANGUAGE CODE | |
| Language code of text/sound track or separate title | eng |
| 100 1# - MAIN ENTRY--PERSONAL NAME | |
| Personal name | Chesters, Laura |
| 245 00 - TITLE STATEMENT | |
| Title | Trouble in bulk |
| 260 ## - PUBLICATION, DISTRIBUTION, ETC. | |
| Date of publication, distribution, etc. | 2006 |
| 490 #0 - SERIES STATEMENT | |
| Series statement | Property Week |
| Volume/sequential designation | 71(12) 24 March 2006, 30-32(3) |
| 520 ## - SUMMARY, ETC. | |
| Summary, etc. | Looks at the retail slowdown in the bulky-goods sector, particularly for household goods and furniture, which is likely to constrain rental growth in the short term as retailers' space requirements decline. Although the longer-term outlook is for a return to growth, it is anticipated that retailers will seek more flexible leases with fixed or indexed rent increases, rather than open market reviews. The move of high street retailers to out-of-town retail parks with open A1 consents however continues. |
| 590 ## - LOCAL NOTE (RLIN) | |
| Local note | IKA110406 |
| 690 ## - LOCAL SUBJECT ADDED ENTRY--TOPICAL TERM (OCLC, RLIN) | |
| Topical term or geographic name as entry element | PROPERTY-COMMERCIAL PROPERTY-RETAIL PROPERTY-OUT OF TOWN RETAIL PROPERTY-RETAIL PARKS |
| 942 ## - ADDED ENTRY ELEMENTS (KOHA) | |
| Suppress in OPAC | 0 |
| Withdrawn status | Lost status | Source of classification or shelving scheme | Damaged status | Not for loan | Home library | Current library | Shelving location | Date acquired | Total Checkouts | Full call number | Barcode | Date last seen | Copy number | Price effective from | Koha item type |
|---|---|---|---|---|---|---|---|---|---|---|---|---|---|---|---|
| Dewey Decimal Classification | London | London | Journal article | 31/03/2006 | L132992 | 132992-1001 | 06/08/2019 | 1 | 06/08/2019 | Journal article |